The Western Roots of Avataric Evolutionism in Colonial India
Abstract. British colonialism and Orientalist scholarship on India were key factors affecting the initial Hindu responses to modern science and technology in the nineteenth century. One response was the elaboration of avataric evolutionism—the idea that ancient myths of Vishnu's ten incarnation...
| Main Author: | |
|---|---|
| Format: | Electronic Article |
| Language: | English |
| Check availability: | HBZ Gateway |
| Interlibrary Loan: | Interlibrary Loan for the Fachinformationsdienste (Specialized Information Services in Germany) |
| Published: |
2007
|
| In: |
Zygon
Year: 2007, Volume: 42, Issue: 2, Pages: 423-448 |
| Further subjects: | B
avataras and Darwinism
B Theosophy B Hinduism and evolution B Dayananda Saraswati B Keshub Chunder Sen B British colonialism B Madame Blavatsky B scientific exegesis of Vedas B Orientalism B avataric evolutionism B Hinduism and Darwinism |
| Online Access: |
Volltext (lizenzpflichtig) Volltext (lizenzpflichtig) |
| Parallel Edition: | Non-electronic
|
MARC
| LEADER | 00000caa a22000002c 4500 | ||
|---|---|---|---|
| 001 | 1827959258 | ||
| 003 | DE-627 | ||
| 005 | 20250325031704.0 | ||
| 007 | cr uuu---uuuuu | ||
| 008 | 221220s2007 xx |||||o 00| ||eng c | ||
| 024 | 7 | |a 10.1111/j.1467-9744.2007.00423.x |2 doi | |
| 035 | |a (DE-627)1827959258 | ||
| 035 | |a (DE-599)KXP1827959258 | ||
| 040 | |a DE-627 |b ger |c DE-627 |e rda | ||
| 041 | |a eng | ||
| 084 | |a 0 |2 ssgn | ||
| 100 | 1 | |8 1\p |e VerfasserIn |0 (DE-588)1026264340 |0 (DE-627)726367680 |0 (DE-576)170713652 |4 aut |a Brown, C. Mackenzie |d 1945- | |
| 109 | |a Brown, C. Mackenzie 1945- |a Mackenzie Brown, Cheever 1945- |a Brown, Cheever Mackenzie 1945- | ||
| 245 | 1 | 4 | |a The Western Roots of Avataric Evolutionism in Colonial India |
| 264 | 1 | |c 2007 | |
| 336 | |a Text |b txt |2 rdacontent | ||
| 337 | |a Computermedien |b c |2 rdamedia | ||
| 338 | |a Online-Ressource |b cr |2 rdacarrier | ||
| 520 | |a Abstract. British colonialism and Orientalist scholarship on India were key factors affecting the initial Hindu responses to modern science and technology in the nineteenth century. One response was the elaboration of avataric evolutionism—the idea that ancient myths of Vishnu's ten incarnations anticipated Darwinian evolution. This idea quickly became intertwined with political and nationalist concerns and cannot be fully understood in a purely theological context. These concerns were reflected in scriptural interpretation, especially in what may be termed the scientific exegesis of the Vedas and Puranas. Such scientific exegesis of scripture appealed to Keshub Chunder Sen, the leading figure of the Brahmo Samaj in the second half of the nineteenth century. Keshub was apparently the first Indian to develop the notion of avataric evolutionism, in the context of his “New Dispensation,” a synthesis of all religious traditions (in particular Hinduism and Christianity) and modern science. His pronouncement of avataric evolutionism in 1882, however, was not the first proposal of the idea. I conclude with an examination of the Western roots of this idea, specifically in the writings of Helena Petrovna Blavatsky. | ||
| 601 | |a Western | ||
| 601 | |a Evolution | ||
| 650 | 4 | |a Theosophy | |
| 650 | 4 | |a scientific exegesis of Vedas | |
| 650 | 4 | |a Orientalism | |
| 650 | 4 | |a Keshub Chunder Sen | |
| 650 | 4 | |a Hinduism and evolution | |
| 650 | 4 | |a Hinduism and Darwinism | |
| 650 | 4 | |a Dayananda Saraswati | |
| 650 | 4 | |a British colonialism | |
| 650 | 4 | |a Madame Blavatsky | |
| 650 | 4 | |a avataric evolutionism | |
| 650 | 4 | |a avataras and Darwinism | |
| 773 | 0 | 8 | |i Enthalten in |t Zygon |d [London] : Open Library of Humanities, 1966 |g 42(2007), 2, Seite 423-448 |h Online-Ressource |w (DE-627)300593570 |w (DE-600)1482903-4 |w (DE-576)090854799 |x 1467-9744 |7 nnas |
| 773 | 1 | 8 | |g volume:42 |g year:2007 |g number:2 |g pages:423-448 |
| 776 | |i Erscheint auch als |n Druckausgabe |w (DE-627)1646314077 |k Non-Electronic | ||
| 856 | 4 | 0 | |u https://doi.org/10.1111/j.1467-9744.2007.00423.x |x Resolving-System |z lizenzpflichtig |3 Volltext |7 1 |
| 856 | 4 | 0 | |u https://onlinelibrary.wiley.com/doi/abs/10.1111/j.1467-9744.2007.00423.x |x Verlag |z lizenzpflichtig |3 Volltext |7 1 |
| 883 | |8 1\p |a cgwrk |d 20250301 |q DE-101 |u https://d-nb.info/provenance/plan#cgwrk | ||
| 935 | |a mteo | ||
| 951 | |a AR | ||
| ELC | |a 1 | ||
| ITA | |a 1 |t 1 | ||
| LOK | |0 000 xxxxxcx a22 zn 4500 | ||
| LOK | |0 001 4235364162 | ||
| LOK | |0 003 DE-627 | ||
| LOK | |0 004 1827959258 | ||
| LOK | |0 005 20221220052618 | ||
| LOK | |0 008 221220||||||||||||||||ger||||||| | ||
| LOK | |0 035 |a (DE-Tue135)IxTheo#2022-12-06#B1700BA5579F2384ED6D915069FD3E3ED640D070 | ||
| LOK | |0 040 |a DE-Tue135 |c DE-627 |d DE-Tue135 | ||
| LOK | |0 092 |o n | ||
| LOK | |0 852 |a DE-Tue135 | ||
| LOK | |0 852 1 |9 00 | ||
| LOK | |0 935 |a ixzs |a ixrk |a zota | ||
| LOK | |0 939 |a 20-12-22 |b l01 | ||
| OAS | |a 1 |b inherited from superior work | ||
| ORI | |a SA-MARC-ixtheoa001.raw | ||
| REL | |a 1 | ||
| SUB | |a REL | ||



